[Event "Open Praha 2018 - A"]
[Site "?"]
[Date "2018.01.14"]
[Round "4"]
[White "Sergienko, Sergey"]
[Black "Stefansson, Hannes"]
[Result "0-1"]
[BlackElo "2523"]
[WhiteElo "2329"]
[LiveChessVersion "1.4.8"]

1. e4 {[%clk 1:30:22]} c5 {[%clk 1:30:20]} 2. Nf3 {[%clk 1:30:41]} e6
{[%clk 1:30:14]} 3. d3 {[%clk 1:30:05]} a6 {[%clk 1:27:30]} 4. g3
{[%clk 1:29:28]} b5 {[%clk 1:27:43]} 5. Bg2 {[%clk 1:28:59]} Bb7 {[%clk 1:27:59]}
6. O-O {[%clk 1:28:58]} d6 {[%clk 1:28:00]} 7. a4 {[%clk 1:24:19]} Nd7
{[%clk 1:24:46]} 8. axb5 {[%clk 1:20:27]} axb5 {[%clk 1:24:59]} 9. Rxa8
{[%clk 1:20:34]} Bxa8 {[%clk 1:21:32]} 10. Na3 {[%clk 1:19:49]} Qb8
{[%clk 1:18:35]} 11. Re1 {[%clk 1:01:56]} Ngf6 {[%clk 1:18:13]} 12. Nh4
{[%clk 0:49:18]} Be7 {[%clk 1:17:11]} 13. f4 {[%clk 0:49:33]} O-O
{[%clk 1:17:13]} 14. Be3 {[%clk 0:44:04]} Rc8 {[%clk 1:13:50]} 15. Bf2
{[%clk 0:42:16]} c4 {[%clk 1:08:49]} 16. Nb1 {[%clk 0:40:26]} Nc5
{[%clk 1:07:46]} 17. g4 {[%clk 0:36:37]} g6 {[%clk 0:56:34]} 18. Bf3
{[%clk 0:30:58]} cxd3 {[%clk 0:49:52]} 19. cxd3 {[%clk 0:31:21]} e5
{[%clk 0:49:08]} 20. Ng2 {[%clk 0:27:07]} Ne6 {[%clk 0:47:21]} 21. Qd2
{[%clk 0:24:23]} Nd7 {[%clk 0:46:42]} 22. h4 {[%clk 0:21:22]} exf4
{[%clk 0:44:51]} 23. Nxf4 {[%clk 0:21:40]} Ne5 {[%clk 0:44:33]} 24. Be2
{[%clk 0:21:34]} Nxf4 {[%clk 0:43:23]} 25. Qxf4 {[%clk 0:21:57]} Rc2
{[%clk 0:43:27]} 26. d4 {[%clk 0:19:36]} Nd7 {[%clk 0:41:57]} 27. b3
{[%clk 0:17:48]} Nf8 {[%clk 0:32:05]} 28. Bd1 {[%clk 0:12:17]} Ne6
{[%clk 0:31:31]} 29. Qe3 {[%clk 0:12:34]} Rb2 {[%clk 0:31:14]} 30. Nd2
{[%clk 0:10:48]} d5 {[%clk 0:29:51]} 31. e5 {[%clk 0:10:35]} Bb4 {[%clk 0:29:44]}
32. Re2 {[%clk 0:10:24]} Qc8 {[%clk 0:29:10]} 33. Nf1 {[%clk 0:09:53]} Rb1
{[%clk 0:28:50]} 34. Rc2 {[%clk 0:09:35]} Bc6 {[%clk 0:25:05]} 35. Rc1
{[%clk 0:07:24]} Rb2 {[%clk 0:23:59]} 36. Rc2 {[%clk 0:07:43]} Rxc2
{[%clk 0:23:58]} 37. Bxc2 {[%clk 0:08:09]} Bd7 {[%clk 0:23:55]} 38. Bd1
{[%clk 0:07:08]} Bc3 {[%clk 0:23:04]} 39. Qd3 {[%clk 0:06:50]} b4
{[%clk 0:22:20]} 40. Be3 {[%clk 0:04:43]} Qa8 {[%clk 0:20:55]} 41. Ng3
{[%clk 0:01:22]} Qa1 {[%clk 0:19:14]} 42. Ne2 {[%clk 0:00:40]} Nc7
{[%clk 0:19:02]} 43. Nxc3 {[%clk 0:29:13]} bxc3 {[%clk 0:49:26]} 44. Kf2
{[%clk 0:29:03]} Bb5 {[%clk 0:46:03]} 45. Qc2 {[%clk 0:29:24]} Na6
{[%clk 0:46:18]} 46. Kg3 {[%clk 0:21:46]} Bd7 {[%clk 0:40:03]} 47. Qe2
{[%clk 0:17:39]} Nb4 {[%clk 0:39:55]} 48. e6 {[%clk 0:14:18]} Bxe6
{[%clk 0:30:55]} 49. Qb5 {[%clk 0:14:31]} h6 {[%clk 0:30:59]} 50. h5
{[%clk 0:04:07]} g5 {[%clk 0:29:52]} 51. Bf3 {[%clk 0:03:24]} Nc2
{[%clk 0:29:16]} 52. Bf2 {[%clk 0:03:47]} Qc1 {[%clk 0:24:27]} 53. Qb8+
{[%clk 0:03:41]} Kh7 {[%clk 0:24:50]} 54. Qe5 {[%clk 0:03:56]} Nb4
{[%clk 0:23:39]} 55. Be3 {[%clk 0:02:01]} Qe1+ {[%clk 0:21:08]} 56. Kg2
{[%clk 0:02:25]} c2 0-1

[Event "Open Praha 2018 - A"]
[Site "?"]
[Date "2018.01.14"]
[Round "4"]
[White "Low, Zhen Yu Cyrus"]
[Black "Kulkarni, Bhakti"]
[Result "1-0"]
[BlackElo "2306"]
[WhiteElo "2437"]
[LiveChessVersion "1.4.8"]

1. e4 {[%clk 1:30:56]} e5 {[%clk 1:24:50]} 2. Nf3 {[%clk 1:31:18]} Nc6
{[%clk 1:24:30]} 3. Bc4 {[%clk 1:31:40]} Bc5 {[%clk 1:24:29]} 4. O-O
{[%clk 1:32:02]} Nf6 {[%clk 1:23:21]} 5. d3 {[%clk 1:31:44]} O-O {[%clk 1:20:10]}
6. h3 {[%clk 1:31:00]} a6 {[%clk 1:18:47]} 7. c3 {[%clk 1:30:36]} Ba7
{[%clk 1:18:46]} 8. Re1 {[%clk 1:30:47]} d6 {[%clk 1:18:53]} 9. Bb3
{[%clk 1:31:08]} Ne7 {[%clk 1:16:53]} 10. Nbd2 {[%clk 1:31:17]} Ng6
{[%clk 1:16:53]} 11. Nf1 {[%clk 1:31:36]} Nh5 {[%clk 1:13:11]} 12. d4
{[%clk 1:24:29]} Qe8 {[%clk 1:07:03]} 13. Be3 {[%clk 1:19:02]} Nhf4
{[%clk 1:03:53]} 14. Ng3 {[%clk 1:18:10]} Qe7 {[%clk 1:03:19]} 15. Bc2
{[%clk 1:07:51]} Qf6 {[%clk 0:51:57]} 16. Nf5 {[%clk 1:07:04]} h6
{[%clk 0:49:35]} 17. g3 {[%clk 0:54:10]} Ne6 {[%clk 0:31:13]} 18. Nh2
{[%clk 0:45:50]} Qd8 {[%clk 0:27:39]} 19. Qh5 {[%clk 0:41:38]} exd4
{[%clk 0:24:30]} 20. cxd4 {[%clk 0:39:30]} Ng5 {[%clk 0:20:26]} 21. h4
{[%clk 0:32:47]} Nh7 {[%clk 0:20:29]} 22. Bxh6 {[%clk 0:20:57]} Nf6
{[%clk 0:18:35]} 23. Qg5 {[%clk 0:21:14]} gxh6 {[%clk 0:08:44]} 24. Qxh6
{[%clk 0:08:53]} Bxf5 {[%clk 0:08:06]} 25. exf5 {[%clk 0:09:18]} Bxd4
{[%clk 0:05:51]} 26. fxg6 {[%clk 0:09:19]} fxg6 {[%clk 0:06:11]} 27. Qxg6+
{[%clk 0:07:22]} Kh8 {[%clk 0:06:40]} 28. Rad1 {[%clk 0:07:01]} Bxb2
{[%clk 0:04:33]} 29. Qh6+ {[%clk 0:05:23]} Kg8 {[%clk 0:05:01]} 30. Qg6+
{[%clk 0:05:52]} Kh8 {[%clk 0:05:30]} 31. Ng4 {[%clk 0:03:08]} Qd7
{[%clk 0:05:20]} 32. Qh6+ {[%clk 0:03:37]} Nh7 {[%clk 0:05:30]} 33. Bxh7
{[%clk 0:03:07]} Qxh7 {[%clk 0:05:40]} 34. Qxh7+ {[%clk 0:03:33]} Kxh7
{[%clk 0:06:02]} 35. Re7+ {[%clk 0:04:01]} Kg6 {[%clk 0:03:03]} 36. Rxc7
{[%clk 0:04:14]} Ba3 {[%clk 0:03:11]} 37. Rd5 {[%clk 0:03:22]} Rf5
{[%clk 0:03:28]} 38. Rxf5 {[%clk 0:03:44]} Kxf5 {[%clk 0:03:53]} 39. Ne3+
{[%clk 0:04:09]} Ke4 {[%clk 0:04:15]} 40. Re7+ {[%clk 0:03:49]} Kf3
{[%clk 0:04:03]} 41. Rxb7 {[%clk 0:29:06]} Bc5 {[%clk 0:32:54]} 42. Rf7+
{[%clk 0:29:17]} Ke2 {[%clk 0:32:49]} 43. Nd5 {[%clk 0:28:39]} Rb8
{[%clk 0:32:37]} 44. h5 {[%clk 0:28:51]} Bd4 {[%clk 0:32:24]} 45. h6
{[%clk 0:27:18]} Rb2 {[%clk 0:31:26]} 46. Rf4 {[%clk 0:25:31]} 1-0

[Event "Open Praha 2018 - A"]
[Site "?"]
[Date "2018.01.14"]
[Round "4"]
[White "Ratsma, Rosa"]
[Black "Kiriakov, Petr"]
[Result "0-1"]
[BlackElo "2528"]
[WhiteElo "2287"]
[LiveChessVersion "1.4.8"]

1. e4 {[%clk 1:30:54]} e6 {[%clk 1:31:05]} 2. d4 {[%clk 1:31:14]} d5
{[%clk 1:31:19]} 3. Nd2 {[%clk 1:31:28]} a6 {[%clk 1:31:30]} 4. Ngf3
{[%clk 1:31:42]} c5 {[%clk 1:31:56]} 5. exd5 {[%clk 1:32:01]} exd5
{[%clk 1:32:23]} 6. Be2 {[%clk 1:32:03]} c4 {[%clk 1:32:16]} 7. b3
{[%clk 1:32:11]} cxb3 {[%clk 1:31:46]} 8. axb3 {[%clk 1:32:33]} Nc6
{[%clk 1:31:38]} 9. O-O {[%clk 1:32:00]} Bd6 {[%clk 1:32:01]} 10. Re1
{[%clk 1:32:05]} Nge7 {[%clk 1:32:24]} 11. Nf1 {[%clk 1:31:52]} O-O
{[%clk 1:32:41]} 12. c3 {[%clk 1:32:00]} Bg4 {[%clk 1:23:57]} 13. Ne3
{[%clk 1:31:40]} Bh5 {[%clk 1:22:56]} 14. Nh4 {[%clk 1:31:35]} Bxe2
{[%clk 1:20:06]} 15. Qxe2 {[%clk 1:31:56]} Bf4 {[%clk 1:01:19]} 16. g3
{[%clk 1:22:38]} Bxe3 {[%clk 1:00:53]} 17. Bxe3 {[%clk 1:20:00]} Qd7
{[%clk 0:59:42]} 18. Qd3 {[%clk 1:17:20]} Rfe8 {[%clk 0:59:00]} 19. Bd2
{[%clk 1:12:44]} Rad8 {[%clk 0:46:32]} 20. Ng2 {[%clk 1:00:08]} Ng6
{[%clk 0:40:29]} 21. Qf3 {[%clk 0:53:37]} Re6 {[%clk 0:36:40]} 22. h4
{[%clk 0:49:14]} Nge7 {[%clk 0:28:40]} 23. Bg5 {[%clk 0:45:12]} f6
{[%clk 0:28:24]} 24. Bd2 {[%clk 0:41:26]} Rxe1+ {[%clk 0:26:44]} 25. Nxe1
{[%clk 0:39:17]} Qf5 {[%clk 0:25:52]} 26. Qxf5 {[%clk 0:37:17]} Nxf5
{[%clk 0:26:17]} 27. Nd3 {[%clk 0:36:26]} a5 {[%clk 0:24:07]} 28. Bf4
{[%clk 0:29:30]} b5 {[%clk 0:20:37]} 29. Bc7 {[%clk 0:20:42]} Ra8
{[%clk 0:18:10]} 30. Nf4 {[%clk 0:15:15]} Nfe7 {[%clk 0:16:31]} 31. Bd6
{[%clk 0:08:35]} Kf7 {[%clk 0:16:35]} 32. Kf1 {[%clk 0:07:56]} g5
{[%clk 0:14:08]} 33. hxg5 {[%clk 0:07:55]} fxg5 {[%clk 0:14:33]} 34. Nd3
{[%clk 0:07:37]} Nf5 {[%clk 0:14:51]} 35. Bc5 {[%clk 0:06:53]} h5
{[%clk 0:14:32]} 36. Re1 {[%clk 0:04:56]} Re8 {[%clk 0:13:20]} 37. Ra1
{[%clk 0:03:41]} Rc8 {[%clk 0:10:36]} 38. Bb6 {[%clk 0:03:13]} Ra8
{[%clk 0:10:38]} 39. Kg2 {[%clk 0:02:20]} Nd6 {[%clk 0:05:38]} 40. Ne5+
{[%clk 0:00:47]} Nxe5 {[%clk 0:05:55]} 41. dxe5 {[%clk 0:01:10]} Ne4
{[%clk 0:29:01]} 42. Bxa5 {[%clk 0:18:07]} g4 {[%clk 0:27:14]} 43. b4
{[%clk 0:13:57]} Nxc3 {[%clk 0:18:14]} 44. Rc1 {[%clk 0:12:32]} Rc8
{[%clk 0:17:21]} 45. f4 {[%clk 0:09:14]} Ke6 {[%clk 0:14:46]} 46. Bb6
{[%clk 0:07:14]} Rc4 {[%clk 0:14:32]} 47. Rh1 {[%clk 0:05:10]} Ne4
{[%clk 0:08:17]} 48. Rxh5 {[%clk 0:04:51]} Rc2+ {[%clk 0:04:51]} 49. Kg1
{[%clk 0:05:17]} Nxg3 {[%clk 0:04:38]} 50. Rg5 {[%clk 0:03:08]} Ne2+
{[%clk 0:04:55]} 51. Kf2 {[%clk 0:02:50]} Nxf4+ {[%clk 0:05:11]} 52. Ke3
{[%clk 0:02:53]} Ng2+ {[%clk 0:04:51]} 53. Kd3 {[%clk 0:03:09]} Ne1+
{[%clk 0:05:17]} 54. Ke3 {[%clk 0:03:11]} Rc4 {[%clk 0:05:09]} 55. Rg8
{[%clk 0:01:33]} Re4+ {[%clk 0:05:03]} 56. Kf2 {[%clk 0:01:15]} Nd3+
{[%clk 0:05:19]} 57. Kg3 {[%clk 0:01:26]} Nxe5 {[%clk 0:05:08]} 58. Bc5
{[%clk 0:01:16]} d4 {[%clk 0:04:44]} 59. Rb8 {[%clk 0:00:47]} d3 {[%clk 0:04:43]}
60. Rxb5 {[%clk 0:00:56]} Nc4 {[%clk 0:05:03]} 61. Rb8 {[%clk 0:00:45]} d2
{[%clk 0:05:25]} 62. Re8+ {[%clk 0:00:39]} Kf5 {[%clk 0:05:46]} 63. Rf8+
{[%clk 0:00:38]} Kg6 {[%clk 0:06:07]} 64. Rd8 {[%clk 0:00:39]} Re1
{[%clk 0:06:30]} 0-1

[Event "Open Praha 2018 - A"]
[Site "?"]
[Date "2018.01.14"]
[Round "4"]
[White "Pena Gomez, Manuel"]
[Black "Nitish, Belurkar"]
[Result "1/2-1/2"]
[BlackElo "2270"]
[WhiteElo "2491"]
[LiveChessVersion "1.4.8"]

1. c4 c6 2. Nf3 Nf6 3. g3 d5 4. Bg2 Bf5 5. Qb3 Qb6 6. d3 e6 7. O-O Nbd7 8. Nc3
Be7 9. Be3 Qxb3 10. axb3 a6 11. Nh4 Bg6 12. h3 O-O 13. f4 Rfe8 14. Bf2 Nc5 15.
Rad1 Nxb3 16. e4 dxe4 17. dxe4 Rad8 18. g4 h6 19. Nxg6 fxg6 20. e5 Nd7 21. Ne4
Ndc5 22. Nd6 Rf8 23. Bxc5 Nxc5 24. b4 Bxd6 25. exd6 Nd7 26. b5 axb5 27. cxb5 cxb5
28. Bxb7 Nb6 29. Rf3 Nd5 30. Bxd5 exd5 31. Rxd5 Rf6 32. d7 Rf7 33. Rfd3 b4 34.
R5d4 b3 35. Rxb3 Rfxd7 36. Rxd7 Rxd7 37. Kf2 Rd2+ 38. Ke3 Rh2 39. Ke4 Kh7 40. Re3
Rh1 41. Ke5 Rf1 42. Ra3 Re1+ 43. Kd5 Rf1 44. Ke4 Re1+ 45. Re3 Rh1 46. Ke5 Rf1 47.
f5 gxf5 48. gxf5 Rf2 49. Ke6 Rf1 50. h4 Rf4 51. Rg3 Ra4 52. h5 Ra6+ 53. Ke5 Ra5+
54. Ke6 Ra6+ 55. Ke5 Ra5+ 56. Ke6 1/2-1/2

[Event "Open Praha 2018 - A"]
[Site "?"]
[Date "2018.01.14"]
[Round "4"]
[White "Jurcik, Marian"]
[Black "Pantzar, Milton"]
[Result "1-0"]
[BlackElo "2268"]
[WhiteElo "2460"]
[LiveChessVersion "1.4.8"]

1. d4 {[%clk 1:30:22]} Nf6 {[%clk 1:30:19]} 2. Nf3 {[%clk 1:29:30]} d5
{[%clk 1:30:18]} 3. Bf4 {[%clk 1:29:24]} c5 {[%clk 1:29:24]} 4. e3
{[%clk 1:29:38]} Nc6 {[%clk 1:29:30]} 5. Nbd2 {[%clk 1:28:47]} e6
{[%clk 1:22:30]} 6. c3 {[%clk 1:28:29]} cxd4 {[%clk 1:20:17]} 7. exd4
{[%clk 1:28:38]} Nh5 {[%clk 1:20:10]} 8. Be3 {[%clk 1:27:46]} f5 {[%clk 1:15:12]}
9. Ne5 {[%clk 1:18:19]} Nf6 {[%clk 0:57:43]} 10. Bf4 {[%clk 1:05:32]} Be7
{[%clk 0:51:35]} 11. Bb5 {[%clk 1:03:29]} Qb6 {[%clk 0:47:01]} 12. Qa4
{[%clk 0:47:04]} Bd7 {[%clk 0:44:27]} 13. Nxd7 {[%clk 0:47:09]} Nxd7
{[%clk 0:41:52]} 14. Nf3 {[%clk 0:46:53]} a6 {[%clk 0:36:28]} 15. Bxc6
{[%clk 0:46:00]} Qxc6 {[%clk 0:34:52]} 16. Qxc6 {[%clk 0:43:36]} bxc6
{[%clk 0:34:20]} 17. O-O-O {[%clk 0:41:30]} Bf6 {[%clk 0:31:50]} 18. Kb1
{[%clk 0:36:38]} Kf7 {[%clk 0:30:30]} 19. Rc1 {[%clk 0:34:35]} Rhc8
{[%clk 0:20:35]} 20. c4 {[%clk 0:31:40]} Nb6 {[%clk 0:14:49]} 21. cxd5
{[%clk 0:31:23]} cxd5 {[%clk 0:14:35]} 22. b3 {[%clk 0:30:37]} Ke7
{[%clk 0:10:09]} 23. Rxc8 {[%clk 0:12:57]} Rxc8 {[%clk 0:10:25]} 24. Rc1
{[%clk 0:13:25]} Kd7 {[%clk 0:09:41]} 25. Rxc8 {[%clk 0:12:26]} Nxc8
{[%clk 0:09:54]} 26. Kc2 {[%clk 0:12:30]} Ne7 {[%clk 0:06:40]} 27. Kc3
{[%clk 0:08:22]} Ng6 {[%clk 0:05:37]} 28. Bg5 {[%clk 0:06:17]} Kc6
{[%clk 0:05:02]} 29. g3 {[%clk 0:05:52]} h6 {[%clk 0:04:41]} 30. Be3
{[%clk 0:04:16]} Ne7 {[%clk 0:03:53]} 31. Ne1 {[%clk 0:04:04]} Nc8
{[%clk 0:01:55]} 32. Nd3 {[%clk 0:04:23]} Nd6 {[%clk 0:01:55]} 33. a4
{[%clk 0:02:11]} Nb7 {[%clk 0:00:49]} 34. Nf4 {[%clk 0:00:46]} Kd7
{[%clk 0:00:43]} 35. Nh5 {[%clk 0:00:57]} Ke7 {[%clk 0:00:49]} 36. b4
{[%clk 0:01:06]} Kf7 {[%clk 0:00:44]} 37. Nxf6 {[%clk 0:00:50]} Kxf6
{[%clk 0:01:12]} 38. Bf4 {[%clk 0:01:01]} Ke7 {[%clk 0:01:18]} 39. h4
{[%clk 0:00:43]} h5 {[%clk 0:01:23]} 40. Be5 {[%clk 0:00:38]} g6 {[%clk 0:01:33]}
41. b5 {[%clk 0:02:33]} a5 {[%clk 0:25:21]} 42. Kd3 {[%clk 0:01:12]} Kd7
{[%clk 0:24:02]} 43. Ke3 {[%clk 0:01:16]} Nd8 {[%clk 0:24:03]} 44. Kf4
{[%clk 0:01:20]} Nf7 {[%clk 0:24:13]} 45. Bb8 {[%clk 0:00:44]} Kc8
{[%clk 0:23:57]} 46. Ba7 {[%clk 0:00:45]} Nd6 {[%clk 0:22:13]} 47. f3
{[%clk 0:00:45]} Kb7 {[%clk 0:08:40]} 48. Bc5 {[%clk 0:01:14]} Nf7
{[%clk 0:09:05]} 49. Ba3 {[%clk 0:01:19]} Kc7 {[%clk 0:09:23]} 50. Bc1
{[%clk 0:01:23]} Nd6 {[%clk 0:09:42]} 51. Kg5 {[%clk 0:01:08]} Nc4
{[%clk 0:09:17]} 52. Kxg6 {[%clk 0:01:21]} e5 {[%clk 0:09:33]} 53. dxe5
{[%clk 0:01:34]} d4 {[%clk 0:09:59]} 54. Kxf5 {[%clk 0:01:04]} d3
{[%clk 0:10:24]} 55. g4 {[%clk 0:01:14]} d2 {[%clk 0:09:22]} 56. Bxd2
{[%clk 0:01:43]} Nxd2 {[%clk 0:09:46]} 57. gxh5 {[%clk 0:01:51]} 1-0

[Event "Open Praha 2018 - A"]
[Site "?"]
[Date "2018.01.14"]
[Round "4"]
[White "Tuma, Jiri"]
[Black "Neuman, Petr"]
[Result "1/2-1/2"]
[BlackElo "2452"]
[WhiteElo "2272"]
[LiveChessVersion "1.4.8"]

1. e4 {[%clk 1:23:46]} c6 {[%clk 1:30:43]} 2. d4 {[%clk 1:24:00]} d5
{[%clk 1:31:09]} 3. e5 {[%clk 1:24:11]} Bf5 {[%clk 1:31:35]} 4. Nf3
{[%clk 1:24:16]} e6 {[%clk 1:31:59]} 5. Be2 {[%clk 1:24:21]} Ne7 {[%clk 1:32:01]}
6. O-O {[%clk 1:21:14]} c5 {[%clk 1:29:27]} 7. c4 {[%clk 1:15:06]} Nbc6
{[%clk 1:27:31]} 8. Nc3 {[%clk 1:10:52]} dxc4 {[%clk 1:09:14]} 9. Bg5
{[%clk 0:52:05]} a6 {[%clk 0:54:29]} 10. Bxc4 {[%clk 0:24:46]} cxd4
{[%clk 0:51:36]} 11. Ne2 {[%clk 0:24:23]} d3 {[%clk 0:49:58]} 12. Nf4
{[%clk 0:21:50]} h6 {[%clk 0:34:39]} 13. Bxe7 {[%clk 0:21:55]} Bxe7
{[%clk 0:35:05]} 14. Bxd3 {[%clk 0:21:06]} Bxd3 {[%clk 0:34:09]} 15. Nxd3
{[%clk 0:20:13]} O-O {[%clk 0:34:13]} 1/2-1/2

[Event "Open Praha 2018 - A"]
[Site "?"]
[Date "2018.01.14"]
[Round "4"]
[White "Zwahr, Paul"]
[Black "Pacher, Milan"]
[Result "0-1"]
[BlackElo "2444"]
[WhiteElo "2269"]
[LiveChessVersion "1.4.8"]

1. e4 {[%clk 1:29:23]} c5 {[%clk 1:30:57]} 2. Nf3 {[%clk 1:29:48]} d6
{[%clk 1:31:23]} 3. d4 {[%clk 1:29:35]} cxd4 {[%clk 1:31:50]} 4. Nxd4
{[%clk 1:29:59]} Nf6 {[%clk 1:32:16]} 5. Nc3 {[%clk 1:30:22]} Nc6
{[%clk 1:32:42]} 6. Bg5 {[%clk 1:30:31]} e6 {[%clk 1:33:07]} 7. Qd2
{[%clk 1:30:56]} Qb6 {[%clk 1:33:20]} 8. O-O-O {[%clk 1:28:53]} Nxd4
{[%clk 1:33:16]} 9. Qxd4 {[%clk 1:29:15]} Qxd4 {[%clk 1:33:41]} 10. Rxd4
{[%clk 1:29:39]} a6 {[%clk 1:33:59]} 11. f3 {[%clk 1:14:28]} Be7 {[%clk 1:32:36]}
12. Be2 {[%clk 1:10:00]} Bd7 {[%clk 1:32:17]} 13. Bh4 {[%clk 1:07:52]} Bc6
{[%clk 1:32:00]} 14. Bg3 {[%clk 1:07:15]} d5 {[%clk 1:29:36]} 15. exd5
{[%clk 1:06:22]} Nxd5 {[%clk 1:30:01]} 16. Nxd5 {[%clk 1:06:18]} Bxd5
{[%clk 1:30:27]} 17. c4 {[%clk 1:05:31]} Rc8 {[%clk 1:28:22]} 18. Kb1
{[%clk 1:03:06]} Bc6 {[%clk 1:28:29]} 19. Bd6 {[%clk 1:00:09]} h5
{[%clk 1:26:56]} 20. Bxe7 {[%clk 0:57:25]} Kxe7 {[%clk 1:27:24]} 21. Re1
{[%clk 0:45:33]} g5 {[%clk 1:25:45]} 22. Bd3 {[%clk 0:43:23]} g4 {[%clk 1:17:18]}
23. fxg4 {[%clk 0:39:50]} hxg4 {[%clk 1:17:43]} 24. Rxg4 {[%clk 0:39:25]} Rxh2
{[%clk 1:17:54]} 25. Re2 {[%clk 0:38:21]} Rh1+ {[%clk 1:10:29]} 26. Kc2
{[%clk 0:38:31]} Ra1 {[%clk 1:09:42]} 27. a3 {[%clk 0:36:52]} Ba4+
{[%clk 1:07:04]} 28. Kc3 {[%clk 0:32:58]} Bd1 {[%clk 1:05:53]} 29. Re1
{[%clk 0:32:01]} Rxa3+ {[%clk 1:06:18]} 30. bxa3 {[%clk 0:32:17]} Bxg4
{[%clk 1:06:42]} 31. a4 {[%clk 0:28:32]} b5 {[%clk 1:03:06]} 32. Kb4
{[%clk 0:24:16]} bxa4 {[%clk 0:54:50]} 33. c5 {[%clk 0:19:41]} a5+
{[%clk 0:53:34]} 34. Kb5 {[%clk 0:19:41]} a3 {[%clk 0:49:43]} 35. Ra1
{[%clk 0:16:17]} e5 {[%clk 0:48:39]} 36. Be4 {[%clk 0:14:23]} Rb8+
{[%clk 0:45:49]} 37. Kxa5 {[%clk 0:13:53]} f5 {[%clk 0:40:58]} 38. Bc6
{[%clk 0:09:59]} f4 {[%clk 0:35:16]} 39. Rxa3 {[%clk 0:05:35]} Bd7
{[%clk 0:35:40]} 40. Be4 {[%clk 0:04:39]} Rb5+ {[%clk 0:35:31]} 41. Ka4
{[%clk 0:02:43]} Rxc5+ {[%clk 0:35:05]} 42. Kb4 {[%clk 0:03:05]} Rc1
{[%clk 0:34:42]} 43. Ra7 {[%clk 0:01:45]} Kd6 {[%clk 0:34:29]} 44. Ra6+
{[%clk 0:01:21]} Bc6 {[%clk 0:34:25]} 45. Bf3 {[%clk 0:28:22]} Kc7
{[%clk 1:03:39]} 46. Ra7+ {[%clk 0:27:55]} Kb6 {[%clk 1:04:04]} 47. Re7
{[%clk 0:27:52]} e4 {[%clk 1:04:08]} 48. Rf7 {[%clk 0:18:33]} exf3
{[%clk 1:04:06]} 49. gxf3 {[%clk 0:18:44]} Ra1 {[%clk 1:04:31]} 50. Rf6
{[%clk 0:18:35]} Ra4+ {[%clk 1:02:38]} 51. Kb3 {[%clk 0:18:49]} Kc5
{[%clk 1:02:00]} 52. Rf5+ {[%clk 0:18:27]} Kd6 {[%clk 1:02:25]} 53. Rf6+
{[%clk 0:16:48]} Kd7 {[%clk 1:02:45]} 54. Rh6 {[%clk 0:15:40]} Bb5
{[%clk 0:54:25]} 55. Rh5 {[%clk 0:11:41]} Kc6 {[%clk 0:54:33]} 56. Rh6+
{[%clk 0:11:36]} Kc5 {[%clk 0:54:50]} 57. Rh5+ {[%clk 0:11:46]} Kb6
{[%clk 0:54:55]} 58. Rh6+ {[%clk 0:11:42]} Ka5 {[%clk 0:55:09]} 59. Rd6
{[%clk 0:07:47]} Rb4+ {[%clk 0:55:05]} 60. Kc3 {[%clk 0:08:02]} Rc4+
{[%clk 0:55:30]} 61. Kb3 {[%clk 0:08:03]} Rc6 {[%clk 0:54:04]} 62. Rd5
{[%clk 0:07:23]} Rc8 {[%clk 0:42:25]} 63. Rf5 {[%clk 0:06:06]} Rc4
{[%clk 0:42:49]} 64. Rf8 {[%clk 0:02:06]} Rd4 {[%clk 0:42:45]} 65. Ra8+
{[%clk 0:02:27]} Kb6 {[%clk 0:41:50]} 66. Kc3 {[%clk 0:02:23]} Rd3+
{[%clk 0:41:45]} 67. Kb4 {[%clk 0:02:47]} Bc6 {[%clk 0:42:03]} 68. Rb8+
{[%clk 0:01:49]} Bb7 {[%clk 0:42:28]} 69. Kc4 {[%clk 0:01:46]} Rxf3
{[%clk 0:42:51]} 70. Kd4 {[%clk 0:02:07]} Rf1 {[%clk 0:43:16]} 71. Rf8
{[%clk 0:01:58]} f3 {[%clk 0:43:41]} 72. Rf5 {[%clk 0:02:10]} Re1
{[%clk 0:43:50]} 73. Kc3 {[%clk 0:01:35]} Be4 {[%clk 0:44:06]} 74. Rf8
{[%clk 0:01:21]} Kc5 {[%clk 0:44:30]} 75. Kd2 {[%clk 0:01:33]} Re2+
{[%clk 0:44:56]} 76. Kd1 {[%clk 0:01:37]} Kd4 {[%clk 0:45:21]} 77. Rd8+
{[%clk 0:01:14]} Ke3 {[%clk 0:45:45]} 78. Re8 {[%clk 0:01:40]} Rb2
{[%clk 0:46:08]} 79. Re7 {[%clk 0:01:34]} Rb1# 0-1

[Event "Open Praha 2018 - A"]
[Site "?"]
[Date "2018.01.14"]
[Round "4"]
[White "Vichnar, David"]
[Black "Fedorov, Evgueny"]
[Result "1/2-1/2"]
[BlackElo "2241"]
[WhiteElo "2443"]
[LiveChessVersion "1.4.8"]

1. d4 Nf6 2. c4 e6 3. g3 c5 4. d5 exd5 5. cxd5 d6 6. e4 g6 7. Nc3 Bg7 8. Bg2 O-O
9. Nge2 Re8 10. O-O b5 11. e5 Rxe5 12. Bf4 Re8 13. Nxb5 Bf8 14. Nec3 a6 15. Na3
Nh5 16. Be3 Nd7 17. Nc4 Ne5 18. Nxe5 Rxe5 19. Qd2 f5 20. Rfe1 Bg7 21. Bg5 Qf8 22.
Rxe5 Bxe5 23. Re1 Bd7 24. Rxe5 dxe5 25. d6 e4 26. Qd5+ Kh8 27. Be7 Qg8 28. Qxc5
h6 29. f3 Rc8 30. Qd4+ Qg7 31. Qa7 Rxc3 32. bxc3 Qxc3 33. fxe4 Qa1+ 34. Bf1 Bb5
35. Qf2 fxe4 36. g4 Bxf1 37. Qxf1 Qd4+ 38. Kg2 e3 39. gxh5 Qg4+ 40. Kh1 Qe4+ 41.
Kg1 1/2-1/2

[Event "Open Praha 2018 - A"]
[Site "?"]
[Date "2018.01.14"]
[Round "4"]
[White "Kalegin, Evgenij"]
[Black "Michalczak, Thomas"]
[Result "1/2-1/2"]
[BlackElo "2208"]
[WhiteElo "2426"]
[LiveChessVersion "1.4.8"]

1. e4 {[%clk 1:28:57]} e5 {[%clk 1:30:54]} 2. Nf3 {[%clk 1:28:24]} Nc6
{[%clk 1:31:18]} 3. Bb5 {[%clk 1:28:33]} a6 {[%clk 1:31:42]} 4. Ba4
{[%clk 1:28:58]} Nf6 {[%clk 1:32:08]} 5. d3 {[%clk 1:29:14]} d6 {[%clk 1:32:32]}
6. c3 {[%clk 1:29:18]} g6 {[%clk 1:32:55]} 7. O-O {[%clk 1:26:17]} Bg7
{[%clk 1:33:18]} 8. Bg5 {[%clk 1:25:58]} h6 {[%clk 1:33:40]} 9. Bh4
{[%clk 1:26:14]} O-O {[%clk 1:34:04]} 10. Nbd2 {[%clk 1:25:57]} Qe8
{[%clk 1:34:23]} 11. Re1 {[%clk 1:25:34]} Nh5 {[%clk 1:34:47]} 12. Nf1
{[%clk 1:24:54]} f5 {[%clk 1:35:11]} 13. exf5 {[%clk 1:23:36]} gxf5
{[%clk 1:35:36]} 14. d4 {[%clk 1:21:56]} e4 {[%clk 1:21:13]} 15. d5
{[%clk 1:18:51]} b5 {[%clk 1:21:26]} 16. Bc2 {[%clk 1:16:24]} Ne5
{[%clk 1:20:20]} 17. Nxe5 {[%clk 1:16:43]} Bxe5 {[%clk 1:20:42]} 18. Ng3
{[%clk 1:16:10]} Nxg3 19. hxg3 {[%clk 1:15:52]} Qg6 {[%clk 1:16:33]} 20. Qd2
{[%clk 1:07:35]} Bd7 {[%clk 1:14:37]} 21. f4 {[%clk 0:58:40]} Bg7
{[%clk 1:11:05]} 22. Re3 {[%clk 0:58:18]} a5 {[%clk 1:09:30]} 23. Rb1
{[%clk 0:53:12]} b4 {[%clk 1:02:27]} 24. cxb4 {[%clk 0:51:10]} axb4
{[%clk 1:02:47]} 25. Bb3 {[%clk 0:51:19]} Bb5 {[%clk 0:56:25]} 26. Rc1
{[%clk 0:50:57]} Bd3 {[%clk 0:56:20]} 27. Rxd3 {[%clk 0:44:48]} exd3
{[%clk 0:56:42]} 28. Re1 {[%clk 0:42:07]} Bd4+ {[%clk 0:49:00]} 29. Kh2
{[%clk 0:42:16]} Qg7 {[%clk 0:49:04]} 30. Qxd3 {[%clk 0:37:14]} Bxb2
{[%clk 0:48:52]} 31. Re6 {[%clk 0:36:09]} Bf6 {[%clk 0:27:37]} 32. Bxf6
{[%clk 0:34:05]} Rxf6 {[%clk 0:28:01]} 33. Qb5 {[%clk 0:31:50]} Rg6
{[%clk 0:25:08]} 34. Re8+ {[%clk 0:26:17]} Rxe8 {[%clk 0:25:28]} 35. Qxe8+
{[%clk 0:26:44]} Kh7 {[%clk 0:25:38]} 36. Bc2 {[%clk 0:26:54]} Rf6
{[%clk 0:24:18]} 37. Qc8 {[%clk 0:25:15]} Qg6 {[%clk 0:15:50]} 38. Qxc7+
{[%clk 0:23:14]} Rf7 {[%clk 0:16:04]} 39. Qc8 {[%clk 0:23:16]} Kg7
{[%clk 0:11:42]} 40. Bd1 {[%clk 0:19:21]} Qf6 {[%clk 0:10:54]} 41. Bh5
{[%clk 0:18:54]} Re7 {[%clk 0:10:17]} 42. Qb8 {[%clk 0:16:10]} Re4
{[%clk 0:09:33]} 43. Qb7+ {[%clk 0:12:15]} Kg8 {[%clk 0:07:57]} 44. Qc8+
{[%clk 0:07:43]} Kh7 {[%clk 0:07:39]} 45. Qb7+ {[%clk 0:05:40]} Kg8
{[%clk 0:03:24]} 46. Qc8+ {[%clk 0:05:36]} Kg7 {[%clk 0:01:53]} 47. Qb7+
{[%clk 0:04:28]} Qe7 {[%clk 0:29:37]} 48. Qc8 {[%clk 0:34:41]} Qf6
{[%clk 0:18:13]} 1/2-1/2